00975nab a22001817a 4500003000400000005001700004008004100021040000700062100003400069245011800103300001500221500003800236505028300274505007200557650002300629650003900652773010200691OSt20260128015654.0190514b xxu||||| |||| 00| 0 spa d cPJ aCarrillo Herrera, Gonzalo M. 13aEl derecho a la identidad en la ley 27.611 :bun buen objetivo, un mal resultado /cGonzalo M. Carrillo Herrera.  ap. 158-169 aCita: TR LALEY AR/DOC/2501/2025.  aSumario: I. Introducción.— II. Derecho a la identidad en la ley nacional 27.611.— III. Las consecuencias de la aplicación de la inscripción tardía administrativa.— IV. El procedimiento de la inscripción tardía de nacimiento administrativa.— V. Conclusiones.  tSi te interesa el texto, comunicate a koha@justierradelfuego.gov.ar 0aDERECHO DE FAMILIA 0aDERECHO A LA IDENTIDAD DE GÉNERO0 02844dBuenos Aires : AbeledoPerrot, 1989-tDerecho de familia. N° 122 - Noviembre 2025z18511201